000 00496nam a2200181Ia 4500
008 090124s9999 xx 000 0 und d
082 _b19050
_a2322
100 _aदळवी जयवंत
245 _a संध्याछाया
250 _a1
260 _c1974
300 _a83
600 _aदळवी जयवंत
630 _a संध्याछाया
700 _aदळवी जयवंत
730 _a संध्याछाया
942 _cBOOK
999 _c132991
_d132991